000 00384nam a22001577a 4500
003 MPLRDC
005 20220104123521.0
008 210129b ||||| |||| 00| 0 eng d
082 _a245.7 PMH
100 _a朴呜呼
245 _a这就是永生
_c
260 _a
_b以利亚福音宣教院
_c
300 _b
650 _a讲道; 传道--文书传道
942 _cBK
_o245.7 PMH
999 _c12049
_d12039